000 00794cam a2200217 a 4500
001 11165783
003 GBCCL
005 20241126110347.0
008 121109s2012 ii g 100 0 eng d
020 _a817086593X (pbk.)
040 _aIiNdDKA
_beng
_cIiNdDKA
_dCtY-D
050 4 _aBV4319
_b.M57 2012
082 0 4 _a266.0014
_223
_bMIS
245 0 0 _aMissionary communication /
_cedited by Sebastian Periannan.
260 _aBangalore :
_bAsian Trading Corp.,
_c2012.
300 _axvi, 261 p. ;
_c22 cm.
520 _aPapers presented at a national seminar on "Communication theology from a missiological perspective" held during 30-31 October 2004.
650 0 _aCommunication
_xReligious aspects
_xChristianity
_vCongresses.
_91319
700 1 _aPeriannan, S. Sebastian.
_91320
942 _2ddc
_cBK
_027
999 _c855
_d855